000 00553nam a2200205Ia 4500
005 20240319150503.0
008 131103s9999 xx 000 0 und d
040 _aLoreto College
041 _aEnglish
082 _a150
_bMCD
100 _aMcDougall,William
245 _aCharacter and the Conduct of Life
_cWilliam McDougall
250 _a5th ed.
_b practical psychology for everyman
260 _aLondon
_bMethuen
_c1937
300 _axiii,287 p.
504 _aIncludes index
650 _aPsychology
850 _aLCBED
942 _cBK
999 _c26913
_d77392